[Event "DEM U18 2023"]
[Site "Willingen GER"]
[Date "2023.05.31"]
[Round "6"]
[White "Großmann, Piet"]
[Black "Chitsazian, Daniel"]
[Result "1/2-1/2"]
[Termination "normal"]
[Board "11"]
[WhiteElo "1935"]
[BlackElo "1900"]
[WhiteClock "00:06:14"]
[BlackClock "00:01:04"]
[PlyCount "136"]
[WhiteFideId "16234359"]
[BlackFideId "34607560"]
[EventCountry "GER"]
[EventRounds "9"]
[EventType "swiss"]
[EventDate "2023.05.27"]

1. e4 {[%clk 01:30:58]} c6 {[%clk 01:30:55]} {[%emt 00:00:04]} 2. Nf3 {[%clk
01:31:01]} {[%emt 00:00:30]} d5 {[%clk 01:31:20]} {[%emt 00:00:02]} 3. exd5
{[%clk 01:31:26]} {[%emt 00:00:07]} cxd5 {[%clk 01:31:46]} {[%emt 00:00:03]} 4.
Ne5 {[%clk 01:31:51]} {[%emt 00:00:04]} Nc6 {[%clk 01:31:44]} {[%emt 00:00:32]}
5. d4 {[%clk 01:32:16]} {[%emt 00:00:05]} Nf6 {[%clk 01:31:17]} {[%emt
00:00:56]} 6. Bb5 {[%clk 01:32:37]} {[%emt 00:00:15]} Bd7 {[%clk 01:29:48]}
{[%emt 00:01:56]} 7. Nxd7 {[%clk 01:32:27]} {[%emt 00:00:40]} Qxd7 {[%clk
01:30:12]} {[%emt 00:00:04]} 8. c3 {[%clk 01:32:24]} {[%emt 00:00:33]} e6
{[%clk 01:25:49]} {[%emt 00:04:52]} 9. O-O {[%clk 01:32:16]} {[%emt 00:00:38]}
Bd6 {[%clk 01:26:06]} {[%emt 00:00:14]} 10. Nd2 {[%clk 01:32:38]} {[%emt
00:00:08]} Qc7 {[%clk 01:25:55]} {[%emt 00:00:47]} 11. g3 {[%clk 01:33:03]} h5
{[%clk 01:24:55]} {[%emt 00:01:34]} 12. Nf3 {[%clk 01:27:41]} {[%emt 00:05:46]}
h4 {[%clk 01:16:21]} {[%emt 00:09:13]} 13. Nxh4 {[%clk 01:20:49]} {[%emt
00:07:21]} Ne4 {[%clk 01:05:08]} {[%emt 00:11:41]} 14. Ng2 {[%clk 01:09:07]}
{[%emt 00:12:08]} g5 {[%clk 00:55:15]} {[%emt 00:10:22]} 15. Bd3 {[%clk
00:59:19]} {[%emt 00:10:18]} f5 {[%clk 00:50:03]} {[%emt 00:05:42]} 16. Bxe4
{[%clk 00:59:17]} {[%emt 00:00:32]} Qh7 {[%clk 00:50:06]} {[%emt 00:00:26]} 17.
h4 {[%clk 00:59:33]} {[%emt 00:00:14]} gxh4 {[%clk 00:50:24]} {[%emt 00:00:13]}
18. gxh4 {[%clk 00:50:23]} {[%emt 00:09:39]} fxe4 {[%clk 00:44:50]} {[%emt
00:06:05]} 19. Bg5 {[%clk 00:49:48]} {[%emt 00:01:06]} Qf5 {[%clk 00:34:42]}
{[%emt 00:10:38]} 20. f4 {[%clk 00:49:45]} {[%emt 00:00:32]} Qh3 {[%clk
00:30:55]} {[%emt 00:04:19]} 21. Qe2 {[%clk 00:48:23]} {[%emt 00:02:00]} Kd7
{[%clk 00:30:26]} {[%emt 00:00:51]} 22. Rae1 {[%clk 00:46:50]} {[%emt
00:02:07]} Rag8 {[%clk 00:28:02]} {[%emt 00:02:50]} 23. Qe3 {[%clk 00:44:36]}
{[%emt 00:02:43]} Qg4 {[%clk 00:27:12]} {[%emt 00:01:22]} 24. Qe2 {[%clk
00:43:39]} {[%emt 00:01:24]} Qf5 {[%clk 00:26:23]} {[%emt 00:01:21]} 25. Ne3
{[%clk 00:42:55]} {[%emt 00:01:13]} Qg6 {[%clk 00:25:17]} {[%emt 00:01:42]} 26.
Qg4 {[%clk 00:40:37]} {[%emt 00:02:46]} Ne7 {[%clk 00:25:13]} {[%emt 00:00:33]}
27. Rf2 {[%clk 00:38:11]} {[%emt 00:02:54]} Nf5 {[%clk 00:21:01]} {[%emt
00:04:43]} 28. Nxf5 {[%clk 00:37:58]} {[%emt 00:00:45]} exf5 {[%clk 00:20:10]}
{[%emt 00:01:26]} 29. Qg3 {[%clk 00:37:49]} {[%emt 00:00:33]} Qh7 {[%clk
00:19:46]} {[%emt 00:00:53]} 30. Rg2 {[%clk 00:36:48]} {[%emt 00:01:32]} Qf7
{[%clk 00:17:32]} {[%emt 00:02:42]} 31. Qe3 {[%clk 00:34:48]} {[%emt 00:02:37]}
Kc8 {[%clk 00:16:51]} {[%emt 00:01:04]} 32. Qe2 {[%clk 00:30:04]} {[%emt
00:05:18]} Qc7 {[%clk 00:16:17]} {[%emt 00:01:00]} 33. Qb5 {[%clk 00:23:57]}
{[%emt 00:06:36]} Qc6 {[%clk 00:15:02]} {[%emt 00:01:46]} 34. Qxc6+ {[%clk
00:24:14]} {[%emt 00:00:14]} bxc6 {[%clk 00:15:32]} 35. Ree2 {[%clk 00:23:31]}
{[%emt 00:01:10]} c5 {[%clk 00:15:26]} {[%emt 00:00:38]} 36. Kf2 {[%clk
00:20:20]} {[%emt 00:03:38]} Kd7 {[%clk 00:14:15]} {[%emt 00:01:45]} 37. Ke3
{[%clk 00:20:31]} {[%emt 00:00:16]} cxd4+ {[%clk 00:13:53]} {[%emt 00:00:53]}
38. cxd4 {[%clk 00:19:56]} {[%emt 00:01:04]} Be7 {[%clk 00:08:11]} {[%emt
00:06:12]} 39. Rh2 {[%clk 00:09:03]} {[%emt 00:11:22]} Rh5 {[%clk 00:04:07]}
{[%emt 00:04:34]} 40. Rc2 {[%clk 00:04:43]} {[%emt 00:04:50]} Bd6 {[%clk
00:01:28]} {[%emt 00:03:11]} 41. Rhg2 {[%clk 00:01:19]} {[%emt 00:03:53]} Be7
{[%clk 00:23:52]} {[%emt 00:08:06]} 42. Bxe7 {[%clk 00:18:47]} {[%emt
00:13:10]} Rxg2 {[%clk 00:24:15]} 43. Rxg2 {[%clk 00:19:10]} {[%emt 00:00:08]}
Kxe7 {[%clk 00:24:42]} 44. Rg7+ {[%clk 00:13:01]} {[%emt 00:06:38]} Kd6 {[%clk
00:22:42]} {[%emt 00:02:31]} 45. Rxa7 {[%clk 00:12:41]} {[%emt 00:00:50]} Rxh4
{[%clk 00:23:08]} {[%emt 00:00:11]} 46. Ra6+ {[%clk 00:12:33]} {[%emt
00:00:34]} Ke7 {[%clk 00:22:59]} {[%emt 00:00:37]} 47. Ra7+ {[%clk 00:11:27]}
{[%emt 00:01:41]} Kd6 {[%clk 00:20:01]} {[%emt 00:03:25]} 48. Ra6+ {[%clk
00:11:39]} {[%emt 00:00:19]} Kd7 {[%clk 00:18:57]} {[%emt 00:01:34]} 49. Ra7+
{[%clk 00:11:58]} {[%emt 00:00:23]} Kc6 {[%clk 00:18:51]} {[%emt 00:00:21]} 50.
b3 {[%clk 00:07:30]} {[%emt 00:05:04]} Rh3+ {[%clk 00:17:13]} {[%emt 00:02:03]}
51. Ke2 {[%clk 00:07:51]} {[%emt 00:00:08]} Rd3 {[%clk 00:13:52]} {[%emt
00:03:53]} 52. Ra6+ {[%clk 00:07:35]} {[%emt 00:00:47]} Kb5 {[%clk 00:14:00]}
{[%emt 00:00:19]} 53. Rf6 {[%clk 00:07:50]} {[%emt 00:00:24]} Rxd4 {[%clk
00:14:16]} {[%emt 00:00:07]} 54. Rxf5 {[%clk 00:08:12]} {[%emt 00:00:07]} Rd3
{[%clk 00:14:15]} {[%emt 00:00:29]} 55. Re5 {[%clk 00:07:37]} {[%emt 00:01:10]}
Kc5 {[%clk 00:14:32]} {[%emt 00:00:12]} 56. Re8 {[%clk 00:07:22]} {[%emt
00:00:45]} Rf3 {[%clk 00:14:17]} {[%emt 00:00:54]} 57. Rf8 {[%clk 00:07:02]}
{[%emt 00:00:37]} Kd4 {[%clk 00:14:15]} {[%emt 00:00:31]} 58. a4 {[%clk
00:06:08]} {[%emt 00:01:24]} Rxb3 {[%clk 00:14:27]} {[%emt 00:00:45]} 59. f5
{[%clk 00:06:27]} Rb2+ {[%clk 00:14:54]} 60. Kd1 {[%clk 00:06:30]} {[%emt
00:00:26]} Ra2 {[%clk 00:14:28]} {[%emt 00:00:57]} 61. f6 {[%clk 00:06:42]}
{[%emt 00:00:13]} Rxa4 {[%clk 00:14:48]} {[%emt 00:00:02]} 62. f7 {[%clk
00:07:07]} {[%emt 00:00:05]} Ra7 {[%clk 00:15:14]} {[%emt 00:00:04]} 63. Kd2
{[%clk 00:07:25]} {[%emt 00:00:18]} e3+ {[%clk 00:15:32]} {[%emt 00:00:09]} 64.
Ke2 {[%clk 00:07:28]} {[%emt 00:00:26]} Ra2+ {[%clk 00:15:47]} {[%emt
00:00:15]} 65. Kf1 {[%clk 00:05:16]} {[%emt 00:02:52]} Ra7 {[%clk 00:00:58]}
{[%emt 00:15:19]} 66. Ke2 {[%clk 00:05:31]} {[%emt 00:00:06]} Ra2+ {[%clk
00:00:42]} {[%emt 00:00:45]} 67. Kf1 {[%clk 00:05:54]} {[%emt 00:00:06]} Ra1+
{[%clk 00:00:43]} {[%emt 00:00:29]} 68. Ke2 {[%clk 00:06:14]} {[%emt 00:00:11]}
Ra2+ {[%clk 00:01:04]} {[%emt 00:00:15]} 1/2-1/2

[Event "DEM U18 2023"]
[Site "Willingen GER"]
[Date "2023.05.31"]
[Round "6"]
[White "Eull, Emil"]
[Black "May, Ben-Iven"]
[Result "1-0"]
[Termination "normal"]
[Board "12"]
[WhiteElo "1937"]
[BlackElo "1940"]
[WhiteClock "00:17:54"]
[BlackClock "00:07:05"]
[PlyCount "99"]
[WhiteFideId "16253809"]
[BlackFideId "16229673"]
[EventCountry "GER"]
[EventRounds "9"]
[EventType "swiss"]
[EventDate "2023.05.27"]

1. c4 {[%clk 01:30:54]} {[%emt 00:00:05]} Nf6 {[%clk 01:30:54]} {[%emt
00:00:07]} 2. Nc3 {[%clk 01:31:18]} {[%emt 00:00:05]} g6 {[%clk 01:31:18]}
{[%emt 00:00:06]} 3. g3 {[%clk 01:31:42]} {[%emt 00:00:06]} Bg7 {[%clk
01:31:41]} {[%emt 00:00:07]} 4. Bg2 {[%clk 01:32:05]} {[%emt 00:00:08]} O-O
{[%clk 01:31:52]} {[%emt 00:00:19]} 5. Nf3 {[%clk 01:32:28]} {[%emt 00:00:06]}
d6 {[%clk 01:31:42]} {[%emt 00:00:40]} 6. O-O {[%clk 01:32:50]} {[%emt
00:00:07]} e5 {[%clk 01:30:04]} {[%emt 00:02:09]} 7. d3 {[%clk 01:33:13]}
{[%emt 00:00:09]} Nbd7 {[%clk 01:28:33]} {[%emt 00:01:59]} 8. Rb1 {[%clk
01:29:17]} {[%emt 00:04:26]} a5 {[%clk 01:25:13]} {[%emt 00:03:52]} 9. a3
{[%clk 01:29:23]} {[%emt 00:00:23]} Ne8 {[%clk 01:22:30]} {[%emt 00:03:12]} 10.
b4 {[%clk 01:28:11]} {[%emt 00:01:57]} axb4 {[%clk 01:22:53]} {[%emt 00:00:07]}
11. axb4 {[%clk 01:28:36]} h6 {[%clk 01:07:21]} {[%emt 00:15:53]} 12. Qb3
{[%clk 01:24:50]} {[%emt 00:04:19]} Kh7 {[%clk 01:06:20]} {[%emt 00:01:29]} 13.
Ba3 {[%clk 01:15:38]} {[%emt 00:09:42]} f5 {[%clk 00:59:31]} {[%emt 00:07:20]}
14. c5 {[%clk 01:10:14]} {[%emt 00:05:52]} Ndf6 {[%clk 00:49:11]} {[%emt
00:10:52]} 15. b5 {[%clk 01:03:19]} {[%emt 00:07:25]} Qe7 {[%clk 00:42:38]}
{[%emt 00:07:02]} 16. Ra1 {[%clk 00:49:20]} {[%emt 00:14:30]} Be6 {[%clk
00:32:35]} {[%emt 00:10:35]} 17. Qb4 {[%clk 00:37:16]} {[%emt 00:12:32]} Nd7
{[%clk 00:21:47]} {[%emt 00:11:16]} 18. cxd6 {[%clk 00:32:52]} {[%emt
00:05:00]} cxd6 {[%clk 00:21:48]} {[%emt 00:00:24]} 19. Nd2 {[%clk 00:31:15]}
{[%emt 00:02:06]} Nb6 {[%clk 00:14:32]} {[%emt 00:07:53]} 20. Nc4 {[%clk
00:21:47]} {[%emt 00:09:51]} Nxc4 {[%clk 00:13:52]} {[%emt 00:01:10]} 21. dxc4
{[%clk 00:22:07]} {[%emt 00:00:12]} e4 {[%clk 00:13:44]} {[%emt 00:00:36]} 22.
Rac1 {[%clk 00:10:00]} {[%emt 00:12:38]} Qf7 {[%clk 00:07:36]} {[%emt
00:06:36]} 23. Na4 {[%clk 00:09:03]} {[%emt 00:01:27]} Rc8 {[%clk 00:06:54]}
{[%emt 00:01:11]} 24. Nb6 {[%clk 00:08:29]} {[%emt 00:01:04]} Rc7 {[%clk
00:07:04]} {[%emt 00:00:21]} 25. e3 {[%clk 00:07:54]} {[%emt 00:01:05]} Be5
{[%clk 00:06:57]} {[%emt 00:00:37]} 26. Rfd1 {[%clk 00:07:48]} {[%emt
00:00:35]} Rg8 {[%clk 00:03:55]} {[%emt 00:03:32]} 27. Rd2 {[%clk 00:05:08]}
{[%emt 00:03:11]} Qg7 {[%clk 00:02:37]} {[%emt 00:01:48]} 28. Bb2 {[%clk
00:03:50]} {[%emt 00:01:48]} Bxb2 {[%clk 00:02:37]} {[%emt 00:00:30]} 29. Qxb2
{[%clk 00:03:34]} {[%emt 00:00:45]} Qxb2 {[%clk 00:02:33]} {[%emt 00:00:34]}
30. Rxb2 {[%clk 00:04:03]} {[%emt 00:00:01]} Nf6 {[%clk 00:02:28]} {[%emt
00:00:35]} 31. Rd2 {[%clk 00:03:00]} {[%emt 00:01:33]} Nd7 {[%clk 00:01:36]}
{[%emt 00:01:22]} 32. Rxd6 {[%clk 00:02:52]} {[%emt 00:00:38]} Nxb6 {[%clk
00:02:02]} {[%emt 00:00:04]} 33. Rxb6 {[%clk 00:02:12]} {[%emt 00:01:11]} Bxc4
{[%clk 00:01:11]} {[%emt 00:01:21]} 34. Bf1 {[%clk 00:02:41]} Rgc8 {[%clk
00:01:39]} {[%emt 00:00:02]} 35. Bxc4 {[%clk 00:02:57]} {[%emt 00:00:13]} Rxc4
{[%clk 00:02:08]} {[%emt 00:00:01]} 36. Rxb7+ {[%clk 00:03:07]} {[%emt
00:00:20]} Kg8 {[%clk 00:02:13]} {[%emt 00:00:25]} 37. Rxc4 {[%clk 00:02:37]}
{[%emt 00:01:00]} Rxc4 {[%clk 00:02:42]} 38. b6 {[%clk 00:01:21]} {[%emt
00:01:47]} Rb4 {[%clk 00:02:56]} {[%emt 00:00:15]} 39. Kf1 {[%clk 00:01:20]}
{[%emt 00:00:31]} Kf8 {[%clk 00:02:21]} {[%emt 00:01:06]} 40. Ke2 {[%clk
00:01:04]} {[%emt 00:00:45]} Rb2+ {[%clk 00:02:47]} {[%emt 00:00:03]} 41. Kf1
{[%clk 00:26:52]} {[%emt 00:04:42]} Ke8 {[%clk 00:30:11]} {[%emt 00:03:06]} 42.
Kg2 {[%clk 00:22:10]} {[%emt 00:05:14]} Kd8 {[%clk 00:28:40]} {[%emt 00:02:00]}
43. Rb8+ {[%clk 00:17:59]} {[%emt 00:04:41]} Kd7 {[%clk 00:28:51]} {[%emt
00:00:24]} 44. b7 {[%clk 00:18:19]} {[%emt 00:00:05]} g5 {[%clk 00:15:04]}
{[%emt 00:14:17]} 45. Rf8 {[%clk 00:17:18]} {[%emt 00:01:32]} Rxb7 {[%clk
00:15:28]} {[%emt 00:00:16]} 46. Rf7+ {[%clk 00:17:43]} Kc6 {[%clk 00:08:57]}
{[%emt 00:06:55]} 47. Rxf5 {[%clk 00:17:57]} {[%emt 00:00:15]} Kd6 {[%clk
00:07:54]} {[%emt 00:01:35]} 48. Rf6+ {[%clk 00:18:11]} {[%emt 00:00:18]} Ke5
{[%clk 00:08:19]} {[%emt 00:00:01]} 49. Rxh6 {[%clk 00:18:33]} {[%emt
00:00:08]} Rb2 {[%clk 00:07:05]} {[%emt 00:01:45]} 50. g4 {[%clk 00:17:54]}
{[%emt 00:01:08]} 1-0

[Event "DEM U18 2023"]
[Site "Willingen GER"]
[Date "2023.05.31"]
[Round "6"]
[White "Evering, Sören"]
[Black "Plaumann, Arvin"]
[Result "1/2-1/2"]
[Termination "normal"]
[Board "13"]
[WhiteElo "2061"]
[BlackElo "1786"]
[WhiteClock "00:02:00"]
[BlackClock "00:02:31"]
[PlyCount "128"]
[WhiteFideId "12974650"]
[BlackFideId "16272927"]
[EventCountry "GER"]
[EventRounds "9"]
[EventType "swiss"]
[EventDate "2023.05.27"]

1. e4 {[%clk 01:30:58]} e5 {[%clk 01:30:57]} {[%emt 00:00:04]} 2. Nf3 {[%clk
01:31:23]} {[%emt 00:00:05]} Nc6 {[%clk 01:31:23]} {[%emt 00:00:04]} 3. Bb5
{[%clk 01:31:37]} {[%emt 00:00:16]} Nge7 {[%clk 01:31:49]} {[%emt 00:00:05]} 4.
d4 {[%clk 01:30:55]} {[%emt 00:01:11]} exd4 {[%clk 01:29:08]} {[%emt 00:03:11]}
5. Nxd4 {[%clk 01:31:02]} {[%emt 00:00:23]} g6 {[%clk 01:27:47]} {[%emt
00:01:51]} 6. O-O {[%clk 01:28:41]} {[%emt 00:02:51]} Bg7 {[%clk 01:28:05]}
{[%emt 00:00:12]} 7. Be3 {[%clk 01:28:24]} {[%emt 00:00:47]} O-O {[%clk
01:26:35]} {[%emt 00:02:00]} 8. c4 {[%clk 01:22:18]} {[%emt 00:06:36]} a6
{[%clk 01:23:24]} {[%emt 00:03:42]} 9. Ba4 {[%clk 01:19:59]} {[%emt 00:02:49]}
Ne5 {[%clk 01:20:23]} {[%emt 00:03:31]} 10. Bb3 {[%clk 01:04:11]} {[%emt
00:16:18]} d6 {[%clk 01:17:34]} {[%emt 00:03:19]} 11. Nc3 {[%clk 01:02:34]}
{[%emt 00:02:06]} N7c6 {[%clk 01:05:24]} {[%emt 00:12:40]} 12. Nxc6 {[%clk
00:55:52]} {[%emt 00:07:12]} Nxc6 {[%clk 01:05:40]} {[%emt 00:00:15]} 13. Qd2
{[%clk 00:55:47]} {[%emt 00:00:34]} Be6 {[%clk 01:04:03]} {[%emt 00:02:07]} 14.
Ne2 {[%clk 00:42:52]} {[%emt 00:13:25]} a5 {[%clk 00:47:43]} {[%emt 00:16:50]}
15. Nd4 {[%clk 00:32:05]} {[%emt 00:11:17]} a4 {[%clk 00:44:58]} {[%emt
00:03:15]} 16. Bc2 {[%clk 00:24:23]} {[%emt 00:08:12]} Bxc4 {[%clk 00:44:09]}
{[%emt 00:01:18]} 17. Rfd1 {[%clk 00:24:35]} {[%emt 00:00:19]} Nxd4 {[%clk
00:38:02]} {[%emt 00:06:38]} 18. Bxd4 {[%clk 00:25:01]} {[%emt 00:00:03]} b5
{[%clk 00:37:56]} {[%emt 00:00:36]} 19. f4 {[%clk 00:22:36]} {[%emt 00:02:55]}
Re8 {[%clk 00:34:16]} {[%emt 00:04:10]} 20. f5 {[%clk 00:19:22]} {[%emt
00:03:44]} Bxd4+ {[%clk 00:27:52]} {[%emt 00:06:54]} 21. Qxd4 {[%clk 00:19:48]}
{[%emt 00:00:04]} f6 {[%clk 00:20:03]} {[%emt 00:08:20]} 22. fxg6 {[%clk
00:13:56]} {[%emt 00:06:21]} hxg6 {[%clk 00:20:22]} {[%emt 00:00:11]} 23. Bd3
{[%clk 00:12:40]} {[%emt 00:01:46]} Bxd3 {[%clk 00:20:25]} {[%emt 00:00:27]}
24. Rxd3 {[%clk 00:12:03]} {[%emt 00:01:07]} Re5 {[%clk 00:19:57]} {[%emt
00:00:58]} 25. Rf1 {[%clk 00:11:15]} {[%emt 00:01:18]} Qe7 {[%clk 00:19:30]}
{[%emt 00:00:57]} 26. Rg3 {[%clk 00:06:23]} {[%emt 00:05:22]} Kg7 {[%clk
00:13:26]} {[%emt 00:06:34]} 27. Rf4 {[%clk 00:06:48]} {[%emt 00:00:05]} Rh8
{[%clk 00:11:50]} {[%emt 00:02:06]} 28. h4 {[%clk 00:04:05]} {[%emt 00:03:13]}
c5 {[%clk 00:11:00]} {[%emt 00:01:20]} 29. Qd3 {[%clk 00:01:01]} {[%emt
00:03:33]} c4 {[%clk 00:09:30]} {[%emt 00:02:00]} 30. Qd4 {[%clk 00:01:03]}
{[%emt 00:00:28]} Qc7 {[%clk 00:09:10]} {[%emt 00:00:50]} 31. Qf2 {[%clk
00:01:00]} {[%emt 00:00:34]} Qc5 {[%clk 00:09:11]} {[%emt 00:00:29]} 32. Rxf6
{[%clk 00:00:41]} {[%emt 00:00:49]} Qxf2+ {[%clk 00:09:31]} {[%emt 00:00:09]}
33. Rxf2 {[%clk 00:01:08]} {[%emt 00:00:04]} Rxe4 {[%clk 00:09:55]} {[%emt
00:00:07]} 34. Rd2 {[%clk 00:00:52]} {[%emt 00:00:45]} Re6 {[%clk 00:06:08]}
{[%emt 00:04:17]} 35. Rd5 {[%clk 00:01:17]} {[%emt 00:00:05]} Rxh4 {[%clk
00:06:11]} {[%emt 00:00:26]} 36. Rxb5 {[%clk 00:01:40]} {[%emt 00:00:08]} Rd4
{[%clk 00:03:37]} {[%emt 00:03:04]} 37. Rb7+ {[%clk 00:01:50]} {[%emt
00:00:20]} Kf6 {[%clk 00:03:43]} {[%emt 00:00:24]} 38. Rf3+ {[%clk 00:00:46]}
{[%emt 00:01:34]} Kg5 {[%clk 00:03:54]} {[%emt 00:00:16]} 39. Ra7 {[%clk
00:00:42]} {[%emt 00:00:37]} Re2 {[%clk 00:01:54]} {[%emt 00:02:30]} 40. Rg3+
{[%clk 00:00:43]} {[%emt 00:00:29]} Kf6 {[%clk 00:01:59]} {[%emt 00:00:25]} 41.
Rf3+ {[%clk 00:26:50]} {[%emt 00:04:23]} Ke6 {[%clk 00:28:24]} {[%emt
00:04:04]} 42. Rg3 {[%clk 00:19:49]} {[%emt 00:07:32]} Rxb2 {[%clk 00:24:35]}
{[%emt 00:04:18]} 43. Rxg6+ {[%clk 00:20:16]} {[%emt 00:00:03]} Kf5 {[%clk
00:24:16]} {[%emt 00:00:49]} 44. Rgg7 {[%clk 00:18:05]} {[%emt 00:02:40]} Ke6
{[%clk 00:17:51]} {[%emt 00:06:54]} 45. Rxa4 {[%clk 00:15:53]} {[%emt
00:02:45]} Kd5 {[%clk 00:11:46]} {[%emt 00:06:35]} 46. Rc7 {[%clk 00:14:57]}
{[%emt 00:01:25]} Rc2 {[%clk 00:10:11]} {[%emt 00:02:06]} 47. Ra5+ {[%clk
00:12:59]} {[%emt 00:02:28]} Ke4 {[%clk 00:10:17]} {[%emt 00:00:23]} 48. Re7+
{[%clk 00:13:09]} {[%emt 00:00:21]} Kd3 {[%clk 00:10:36]} {[%emt 00:00:10]} 49.
Rf5 {[%clk 00:11:39]} {[%emt 00:02:00]} c3 {[%clk 00:09:24]} {[%emt 00:01:43]}
50. Rf3+ {[%clk 00:12:06]} {[%emt 00:00:03]} Kd2 {[%clk 00:08:51]} {[%emt
00:01:03]} 51. Ree3 {[%clk 00:08:05]} {[%emt 00:04:31]} Rc4 {[%clk 00:04:40]}
{[%emt 00:04:41]} 52. Rd3+ {[%clk 00:07:56]} {[%emt 00:00:38]} Kc1 {[%clk
00:05:02]} {[%emt 00:00:07]} 53. a4 {[%clk 00:06:04]} {[%emt 00:02:23]} Kb2
{[%clk 00:04:36]} {[%emt 00:00:56]} 54. Rxd6 {[%clk 00:06:01]} {[%emt
00:00:33]} Rxa4 {[%clk 00:04:27]} {[%emt 00:00:39]} 55. Rb6+ {[%clk 00:05:49]}
{[%emt 00:00:42]} Ka2 {[%clk 00:04:49]} {[%emt 00:00:07]} 56. Rc6 {[%clk
00:05:32]} {[%emt 00:00:49]} Ra3 {[%clk 00:04:52]} {[%emt 00:00:27]} 57. g4
{[%clk 00:03:57]} {[%emt 00:02:04]} Kb2 {[%clk 00:05:07]} {[%emt 00:00:16]} 58.
g5 {[%clk 00:02:00]} {[%emt 00:02:27]} Ra1+ {[%clk 00:02:31]} {[%emt 00:03:06]}
59. Rf1 {[%emt 00:00:13]} Rxf1+ 60. Kxf1 Rd2 61. g6 {[%emt 00:00:01]} Rd7 62.
Ke2 {[%emt 00:00:02]} c2 {[%emt 00:00:10]} 63. Kf3 Kc1 64. Ke2 {[%emt
00:00:03]} Kb2 {[%emt 00:00:03]} 1/2-1/2